Statystyki dla Quiz o Bahamach

Kliknij tutaj aby rozwiązać quiz!

Ogólne statystyki

  • Ten quiz został rozwiązany 810 razy
  • Średni wynik to 10 z 18

Statystyki odpowiedzi

WskazówkaOdpowiedź% Poprawnych
Kraje położone najbliżej BahamówStany Zjednoczone
94%
Kraje położone najbliżej BahamówKuba
91%
Bahamy były pierwszym krajem w Nowym Świecie, który
odwiedził ten odkrywca w 1492 roku
Krzysztof Kolumb
86%
Kraje położone najbliżej BahamówHaiti
83%
Kraj, od którego Bahamy uzyskały niepodległość w 1973 rokuWielka Brytania
83%
WalutaDolar {bahamski}
81%
Pomimo powszechnego nieporozumienia Bahamy NIE leżą na tym morzuMorze Karaibskie
74%
StolicaNassau
74%
Przemysł, który stanowi około 50% PKBTurystyka
62%
Z dokładnością do liczby całkowitej, procent rdzennej ludności, która zmarła lub została
wywieziona w ciągu 30 lat od kontaktu z Europą
100%
59%
Najpopularniejszy sportKrykiet
53%
Terytorium brytyjskie leżące zaledwie 46 km od BahamówTurks i Caicos
35%
Kapitan piratów z „Zemsty Królowej Anny” z siedzibą na BahamachCzarnobrody
27%
Zwierzę, z którym turyści mogą pływać na Big Major CayŚwinie
25%
Ptak przedstawiony na herbieFlaming
23%
Wyspa, na której leży stolicaNew Providence
23%
Największa wyspaAndros
22%
Były król, który służył jako gubernator Bahamów w latach 1940–1945Edward VIII
21%

Rozkład punktacji

Percentyl według liczby udzielonych odpowiedzi

Procent ludzi z każdym wynikiem

Twoja historia wyników

Nie rozwiązałeś tego quizu